000 05251nab a2200397 i 4500
003 BR-BrBNA
005 20240624115034.0
008 240624b2015 bl.qr|pooa||| 00| 0 por |
040 _aBR-BrBNA
_bpor
072 _aF60
072 _aF50
100 _aMerino, F.J.Z.
100 _aOliveira, V.B.
100 _aPaula, C.S.
100 _aCansian, F.C.
100 _aSouza, A.M.
100 _aZuchetto, M.
100 _aHirota, B.C.K.
100 _aDuarte, A.F.S.
100 _aKulik, J.D.
100 _aMiguel, M.D.
100 _aMiguel, O.G.
245 _aAnálise fitoquímica, potencial antioxidante e toxicidade do extrato bruto etanólico e das frações da espécie Senecio westermanii Dusén frente à Artemia salina
500 _aPublicação on-line; 39 ref.; 4 tables; 4 illus.; Summaries (En, Pt)
520 _a RESUMO: A espécie Senecio westermanii Dusén pertencente à família Asteraceae é planta endêmica e nativa do Brasil encontrada na região da Floresta Atlântica, nos estados do Paraná e São Paulo. O objetivo deste trabalho foi avaliar a composição fitoquímica do extrato bruto etanólico e frações das partes aéreas (folha e caule) de S. westermanii utilizando-se a análise fitoquímica qualitativa e cromatografia líquida de alta eficiência com detector de arranjo de diodos (CLAE-DAD), avaliar in vitro a toxicidade preliminar utilizando Artemia salina e o potencial antioxidante. O estudo fitoquímico qualitativo revelou a presença de alcaloides, flavonoides, iridoides, esteroides/triterpenos, heterosídeos saponínicos e aminogrupos. Através da análise realizada por CLAE-DAD obteve-se o fingerprint característico de cada amostra. No ensaio frente à A. salina houve ausência de toxicidade das amostras, o resultado da DL50 para todas as amostras foi superior a 1000 μg/mL. Todas as amostras apresentaram atividade antioxidante pela redução do complexo fosfomolibdênio, com destaque para a fração clorofórmio que apresentou atividade antioxidante de 92,51% em relação ao padrão rutina. Com relação ao ensaio de redução do radical DPPH•, a fração acetato de etila apresentou IC50 de 26,98 μg/ mL. Pelo ensaio do ácido tiobarbitúrico (TBARS) a fração hexano apresentou o melhor índice antioxidante em relação ao padrão rutina. Os resultados obtidos demonstram evidências de que a espécie é fonte potencial de antioxidantes naturais, estimulando assim novos estudos que viabilizam sua utilização no tratamento de patologias associadas aos radicais livres. Além disso, a espécie não apresentou atividade tóxica preliminar, assegurando sua aplicabilidade. Palavras-chave: Senecio; Análise fitoquímica; Artemia salina; Antioxidante; CLAE-DAD
520 _a ABSTRACT: Phytochemical analysis, antioxidant potential and toxicity of crude ethanol extract and fractions of the species Senecio westermanii Dusén against Artemia salina. The species Senecio westermanii Dusén, which belongs to the Asteraceae family, is an endemic and native plant from Brazil. It is found mainly in the Atlantic Forest region, in Paraná and São Paulo states. This study aimed to evaluate the phytochemical composition using a qualitative phytochemical analysis and high performance liquid chromatography with diode array detector (HPLC-DAD), to evaluate preliminary toxicity in vitro using Artemia salina and antioxidant potential. Qualitative phytochemical analysis revealed the presence of alkaloids, flavonoids, iridoids, steroids, triterpenes, saponinic glycosides and aminogroups. The analysis by HPLCDAD provided the characteristic fingerprint of each sample. In the A. salina assay, the results of LD50 over 1000 μg/mL for all samples did not indicate toxicity of the evaluated extracts. All samples demonstrated antioxidant activity by reducing phosphomolybdenum complex. The highest activity was detected in the chloroform fraction, which presented activity of 92.51% compared to the standard rutin. Regarding the trial to reduce the radical DPPH•, the ethyl acetate fraction showed an IC50 of 26.98 µg/mL. In the thiobarbituric acid assay (TBARS), the hexane fraction showed the highest antioxidant activity compared to the standard rutin. These findings indicate that the Senecio westermanii is a potential source of natural antioxidants, stimulating new studies that enable their use in the treatment of disorders associated with free radicals. In addition, the species did not present toxicity in its evaluation, ensuring its applicability. Keywords: Senecio; Phytochemical analysis; Artemia salina; Antioxidant; HPLC-DAD
650 _aSENECIO BRASILIENSIS
650 _aANÁLISE QUÍMICA
650 _aARTÊMIA SALINA
650 _aANTIOXIDANTE
650 _aPLANTA MEDICINAL
773 0 _03543
_9316142
_dBotucatu-SP Instituto de Biociências - Departamento de Química e Bioquímica 1998
_o2024-2525
_tRevista Brasileira de Plantas Medicinais (Brazil)
_x1516-0572
_gv. 17(4 suppl. 3) p. 1031-1040; (2015)
_wBR2024001435
856 _uhttps://www.scielo.br/j/rbpm/a/Rf44CGDNT8mmNKpxGD9XpFJ/?format=pdf&lang=pt
942 _cAnalítica
999 _c300201
_d300201